000 01686nam a22001937a 4500
003 IT-RoPau
005 20220918175936.0
008 121204b xxu||||| |||| 00| 0 eng d
040 _cIT-RoPau
100 _aAlberione Giacomo
_qFondatore Famiglia Paolina
_919
245 _aCenni storici generali della Pia Società San Paolo
250 _aII
260 _aRoma
_bSSP
_c1981
300 _a68 p.
_c21,5 cm
490 _aEdizioni Archivio Storico Paolino Famiglia Paolina
_vI
500 _aPresentiamo le 26 puntate della prima storia organica della Famiglia Paolina.
520 _aIndice Introduzione Puntata n° 1 febbraio 1923 Puntata n° 2 marzo 1923 Puntata n° 3 aprile 1923 Puntata n° 4 maggio 1923 Puntata n° 5 giugno 1923 Puntata n° 6 luglio 1923 Puntata n° 7 agosto 1923 Puntata n° 8 settembre 1923 Puntata n° 9 ottobre 1923 Puntata n° 10 novembre 1923 Puntata n° 11 dicembre 1923 Puntata n° 12 gennaio 1924 Puntata n° 13 febbraio 1924 Puntata n° 14 marzo 1924 Puntata n° 15 aprile 1924 Puntata n° 16 maggio 1924 Puntata n° 17 giugno 1924 Puntata n° 18 luglio 1924 Puntata n° 19 agosto 1924 Puntata n° 20 settembre 1924 Puntata n° 21 ottobre 1924 Puntata n° 22 novembre 1924 Puntata n° 23 dicembre 1924 Puntata n° 24 gennaio 1925 Puntata n° 25 febbraio 1925 Puntata n° 26 aprile 1925 Note Appendice Introduzione Don Alberione ai piedi di Benedetto XV Una carità alla Buona Stampa I Cooperatori Paolini e il loro giornaletto Un certo clima mariano Audiovisivi negli anni 20 Partecipazione alla vita ecclesiale
942 _2ddc
_cBK
999 _c37599
_d37599